000 00531nam a22001697a 4500
999 _c24819
_d24819
003 NIST
005 20170531120531.0
008 150610t xxu||||| |||| 00| 0 eng d
020 _a9789699532009
040 _cRCMS
_aDLC
_bDLC
050 _a726.20954 SAF
082 _a726.20954 SAF
100 _aDr. Safdar Ali Shah & Syed Javaid
_91266
245 _aChurches of Pakistan
300 _a124 p. :
_bpic ill, ;
_c30 cm.
538 _iShelf # 13, Row # 5, Fiction.
546 _aEnglish
942 _2ddc
_cBK
_h726.20954 SAF